00566nam a22002057a 450000500170000001000130001702000230003003500130005303700160006604000120008208200150009410000210010924500610013024600060019126000410019727000570023830000210029565000230031665000210033920170124105917.0 aA-808741 c150.00a8185190113 aA-808741 bCen Lib/Ret aDPLbEN a466.3bJOT aJotwani, Motilal aA dictionary of sindhi literature / cby Motilal Jotwani b  bSampark Prakashan c1996aNew Delhi  bNew Delhi aC-1 , nirmal puri, lajpat nagar e110024 a188p.c19cm(pbk) aSindhi Literature  aDictionaries x